000 00443nam a2200181Ia 4500
001 23557
005 20260414150945.0
008 260414t2011||||xx |||||||||||||| ||spa||
041 _aESP
082 _a664
_bI24
100 _aIbarz, Albert
_eAUT
245 0 _aOperaciones unitarias en la ingenierĂ­a de alimentos
_b
260 _c2011
300 _a865 páginas :
_c23 cm.
650 _aTCA
654 _aCII
942 _cLIB
_dJUS
_fJUS
_2ddc
_n
999 _c23557
_d23557